Statistics for Most populated countries as of March 2024

Click here to take the quiz!

General Stats

  • This quiz has been taken 20 times
  • The average score is 42 of 50

Answer Stats

HintAnswer% Correct
64,840,876France
100%
1,425,339,734China
95%
83,266,248Germany
95%
1,437,428,223India
95%
58,754,226Italy
95%
40,482,806Poland
95%
144,116,137Russia
95%
37,543,733Ukraine
95%
67,887,951United Kingdom
95%
341,219,286United States
95%
43,349,960Afghanistan
89%
217,239,545Brazil
89%
104,514,372Democratic Republic of the Congo
89%
279,056,186Indonesia
89%
89,601,117Iran
89%
46,188,163Iraq
89%
122,847,726Japan
89%
34,552,743Malaysia
89%
129,082,862Mexico
89%
243,655,870Pakistan
89%
51,755,715South Korea
89%
47,488,483Spain
89%
86,115,002Turkey
89%
99,497,680Vietnam
89%
46,057,992Algeria
84%
37,434,808Angola
84%
45,964,877Argentina
84%
113,903,578Egypt
84%
227,390,756Nigeria
84%
37,300,937Saudi Arabia
84%
60,821,619South Africa
84%
48,946,490Sudan
84%
71,858,169Thailand
84%
174,128,409Bangladesh
79%
39,000,301Canada
79%
52,257,111Colombia
79%
128,667,629Ethiopia
79%
55,840,373Kenya
79%
118,525,270Philippines
79%
38,089,695Morocco
74%
68,765,415Tanzania
74%
34,561,950Ghana
68%
30,815,880Madagascar
68%
34,541,420Mozambique
68%
31,127,585Nepal
68%
34,575,030Peru
68%
49,481,722Uganda
63%
34,966,368Yemen
63%
54,838,081Myanmar
58%
35,506,396Uzbekistan
58%

Score Distribution

Percentile by Number Answered

Percent of People with Each Score

Your Score History

You have not taken this quiz